00772cam a22002291 4500001001300000003000400013005001700017008004100034010001700075035001900092040002100111043001200132045000900144050001900153100003400172245014200206260004800348300003700396504002800433651004900461710003200510sa 65004758 DLC20260227112133.0781017s1963 ph c b 000 0aeng  asa 65004758  a(OCoLC)4297572 aDLCcNGenoUdDLC aa-ph--- aw9w900aDS676.8.R5bA31 aRicarte, Artemio,d1866-1945.10aMemoirs.cWith a pref. by Alejandro R. Roces and an introd. by Armando J. Malay. Selected and edited from mss. in the Watson collection. aManila,bNational Heroes Commission,c1963. axxv, [1], 242 p.bports.c26 cm. aBibliography: p. [xxvi] 0aPhilippinesxHistoryyRevolution, 1896-1898.1 aNational Heroes Commission.